000 01101naa a22003017a 4500
001 BR9503421
003 BR-BrBNA
005 20240918181324.0
007 ta
008 230509b bl.||||| |||| 00| 0 por d
040 _aBR-BrBNA
_bpor
_cBiblioteca Nacional de Agricultura
041 _a(Pt)
072 _aL01
_b5212
_b5300
090 _aL01 BR9503421
100 1 _aRibeiro, P.
100 1 _aCarvalho, E.C.Q. de
100 1 _aVasconcellos, S.A.
111 1 _a2. Encontro Nacional de Higienistas de Alimentos
_cSao Paulo, SP (Brazil)
_d20-23 Oct 1992
245 1 _aPatologias detectadas no abate de bovinos e suinos: prevalencia das causas de rejeicao
260 3 _aSao Paulo, SP (Brasil):
_c1992.
500 _aAnais do 2. Encontro Nacional de Higienistas de Alimentos Sao Paulo, SP (Brasil): 1992. p. 103-104 (BR9503421-AM)L01
650 _aBovino
650 _aSuino
650 _aAbate
773 0 _tAnais do 2. Encontro Nacional de Higienistas de Alimentos
_wL01 BR9503421
_gSao Paulo, SP (Brasil), 1992. p. 103-104
909 _a202404
_bLucia
_c55
_dLucia Elande
942 _cAM
_2AGRIS
999 _c324762
_d324762